000 00295nam a22001337a 4500
008 170505b xxu||||| |||| 00| 0 eng d
020 _a9781583605219
041 _aeng
080 _a343.9
100 _a14
101 _aSHJ
245 _aCRITICAL CRIMINOLOGY
_cSHWARTZ.M.D
942 _2udc
_cBK
999 _c12784
_d12784